000
00239nam a2200097Ia 4500
008
220204s9999 xx 000 0 und d
082
_a
912(084.3)(548)
_b
SOU;1
245
0
_a
Southern tourist road guide
260
_a
Madras
_b
Auto
942
_c
BK
999
_c
30179
_d
30179